[Event "Gorges op 15th"]
[Site "Gorges"]
[Date "2005.07.??"]
[Round "2"]
[White "Lemee, Pierre"]
[Black "Lemaitre, Delphine"]
[Result "0-1"]
[WhiteElo "1480"]
[BlackElo "1690"]
[PlyCount "20"]
[EventDate "2005.07.??"]
[EventType "swiss"]
[EventRounds "7"]
[EventCountry "FRA"]
[SourceTitle "EXT 2006"]
[Source "ChessBase"]
[SourceDate "2005.11.24"]
[SourceVersion "1"]
[SourceVersionDate "2005.11.24"]
[SourceQuality "1"]

1. c4 e5 2. Nc3 Nf6 3. Nf3 Nc6 4. g3 Bc5 5. Bg2 d6 6. a3 a5 7. d3 Be6 8. Rb1 0-0 9. 0-0 Qd7 10. Ng5 Bf5 0-1

[Event "FRA-ch U14 Girls"]
[Site "Calvi"]
[Date "2005.04.20"]
[Round "5"]
[White "Cechetto, Lea"]
[Black "Lemaitre, Delphine"]
[Result "1/2-1/2"]
[WhiteElo "1760"]
[BlackElo "1670"]
[PlyCount "129"]
[EventDate "2005.04.??"]
[EventType "swiss"]
[EventRounds "9"]
[EventCountry "FRA"]
[SourceTitle "EXT 2006"]
[Source "ChessBase"]
[SourceDate "2005.11.24"]
[SourceVersion "1"]
[SourceVersionDate "2005.11.24"]
[SourceQuality "1"]

1. e4 d5 2. exd5 Qxd5 3. c4 Qd6 4. d4 Nc6 5. Nf3 Bg4 6. d5 Ne5 7. Nbd2 Nf6 8. Qb3 Nxf3+ 9. Nxf3 b6 10. Be2 e6 11. Qa4+ Qd7 12. Qxd7+ Nxd7 13. dxe6 Bxe6 14. Bf4 c5 15. 0-0 Be7 16. b3 0-0 17. Rad1 Nf6 18. Bd6 Bxd6 19. Rxd6 Rfd8 20. Rfd1 Rxd6 21. Rxd6 Ne4 22. Rd3 Rc8 23. Ne5 f6 24. Bg4 Bxg4 25. Nxg4 Rc7 26. f3 Ng5 27. Kf2 Kf7 28. Ne3 Ne6 29. Rd6 Nd4 30. Nd5 Rb7 31. Ke1 Nf5 32. Rc6 Nd4 33. Rc7+ Rxc7 34. Nxc7 Ke7 35. Kd2 Kd6 36. Ne8+ Ke5 37. Nxg7 f5 38. Nh5 f4 39. Ng7 h6 40. Kd3 Nc6 41. Kc3 Ne7 42. Kd3 Ng6 43. g3 Ne7 44. Nh5 fxg3 45. hxg3 Nc6 46. Ke3 Nb4 47. a3 Nc2+ 48. Kd3 Nd4 49. f4+ Kf5 50. b4 Kg4 51. bxc5 bxc5 52. Nf6+ Kxg3 53. Ne4+ Kxf4 54. Nxc5 Nc6 55. Ne6+ Kg4 56. Ke4 h5 57. Nf4 h4 58. c5 a6 59. Ng2 h3 60. Ne3+ Kg3 61. Nf1+ Kf2 62. Nh2 Kg3 63. Nf1+ Kf2 64. Ne3 Na5 65. Ng4+ 1/2-1/2

[Event "France-ch U12 Girls"]
[Site "Reims"]
[Date "2004.04.25"]
[Round "9"]
[White "Lemaitre, Delphine"]
[Black "Dourerassou, Cynthia"]
[Result "1-0"]
[WhiteElo "1590"]
[BlackElo "1590"]
[PlyCount "43"]
[EventDate "2004.04.??"]
[EventType "swiss"]
[EventRounds "9"]
[EventCountry "FRA"]
[SourceTitle "EXT 2005"]
[Source "ChessBase"]
[SourceDate "2004.11.15"]
[SourceVersion "1"]
[SourceVersionDate "2004.11.15"]
[SourceQuality "1"]

1. e4 e5 2. d4 exd4 3. Qxd4 Nc6 4. Qe3 Nf6 5. Nc3 Bb4 6. Bd2 0-0 7. 0-0-0 Re8 8. Qg3 d6 9. Bd3 a5 10. h4 a4 11. a3 Ba5 12. h5 Nd4 13. h6 g6 14. f4 Bxc3 15. Bxc3 Nxe4 16. Bxe4 Rxe4 17. Rxd4 Rxd4 18. Bxd4 Ra5 19. Qc3 Rf5 20. Be3 Qf6 21. Qxc7 Qe6 22. Qd8+ 1-0

[Event "France-ch U12 Girls"]
[Site "Reims"]
[Date "2004.04.22"]
[Round "6"]
[White "Miralles, Dina"]
[Black "Lemaitre, Delphine"]
[Result "0-1"]
[WhiteElo "1390"]
[BlackElo "1590"]
[PlyCount "122"]
[EventDate "2004.04.??"]
[EventType "swiss"]
[EventRounds "9"]
[EventCountry "FRA"]
[SourceTitle "EXT 2005"]
[Source "ChessBase"]
[SourceDate "2004.11.15"]
[SourceVersion "1"]
[SourceVersionDate "2004.11.15"]
[SourceQuality "1"]

1. e4 d5 2. exd5 Qxd5 3. Nc3 Qd6 4. Bc4 Nf6 5. Nf3 a6 6. 0-0 b5 7. Bb3 Bb7 8. d3 e6 9. Bd2 Be7 10. Re1 0-0 11. Qe2 Nbd7 12. a3 c5 13. Ne4 Nxe4 14. dxe4 c4 15. Ba2 Nc5 16. e5 Qc6 17. Rad1 Rfd8 18. Bc3 Rd7 19. Bb4 Rad8 20. Ba5 Rxd1 21. Rxd1 Rxd1+ 22. Qxd1 h6 23. Bd8 Bxd8 24. Qxd8+ Kh7 25. Qe7 Nd7 26. Qxf7 Nxe5 27. Qf4 Nxf3+ 28. gxf3 Qxf3 29. Qxf3 Bxf3 30. b3 cxb3 31. Bxb3 e5 32. a4 bxa4 33. Bxa4 Kg6 34. c4 Kf6 35. Kf1 Ke6 36. Ke1 Kd6 37. Kd2 Kc5 38. Kc3 Bc6 39. Bxc6 Kxc6 40. Kb4 g5 41. f3 h5 42. c5 a5+ 43. Kxa5 Kxc5 44. Ka4 g4 45. fxg4 hxg4 46. Kb3 Kd4 47. Kc2 Ke3 48. Kd1 Kf2 49. Kd2 e4 50. Kd1 e3 51. h4 gxh3 52. Kc2 e2 53. Kd3 e1Q 54. Kc4 h2 55. Kd4 h1R 56. Kc4 Rh8 57. Kc5 Rc8+ 58. Kd6 Rd8+ 59. Kc7 Rd2 60. Kb6 Qb1+ 61. Ka5 Ra2# 0-1